Estatismo y anarquía /

Guardado en:
Autor Principal: Bakunin, Mijail
Formato: Libro
Publicado: Buenos Aires : Anarres
Series:Utopía Liberataria
Materias:
Etiquetas: Agregar Etiqueta
Sin Etiquetas, Sea el primero en etiquetar este registro!
LEADER 00490nam a22001815a 4500
001 CEM.cems012564
005 20070823190718.0
008 130507b######################000#0#####d
003 CEMS
020 |a 9872087539 
082 0 4 |a 335.8 
100 1 |a Bakunin, Mijail 
245 1 0 |a Estatismo y anarquía /  |c Mijail Bakunin 
260 |a Buenos Aires :  |b Anarres 
300 |a 231 p. 
490 0 |a Utopía Liberataria 
653 |a Anarquismo 
859 |a CEMS  |b BIB. CEMS - 11 de abril  |h 335.8  |i B179  |p 23915.07  |t Ej.1